000 00272nam a22001097a 4500
082 _aM3(FTr.)
_bKHA/K
100 _aKhaleel Gibran
245 _aKanneerum punchiriyum
260 _aKanjirappilly:
_bMegha,
_c1995.
650 _aLiterature Malayalam Translation
942 _cBK
999 _c175640
_d175640